100 verbes irréguliers au préterit. - Statistiques

Statistiques générales
  • Ce quiz a été pris 88 fois
  • Le résultat moyen est 59 sur 98
Statistiques - réponses
Hint Réponse % Correct
Lire read
88%
Couper cut
84%
Rever Dreamt
81%
Couter cost
79%
Mettre put
79%
Construire Built
78%
Blesser hurt
78%
Gagner Won
78%
Avoir Had
76%
Perdre Lost
76%
Payer Paid
76%
Comprendre Understood
76%
écrire Wrote
76%
Parier Bet
74%
Choisir Chose
74%
Conduire Drove
74%
Entendre Heard
74%
Garder Kept
74%
Signifier / vouloir dire Meant
74%
Rencontrer met
74%
Manger Ate
72%
Acheter bought
72%
Casser Broke
72%
Brûler Burnt
72%
Donner Gave
72%
Partir / Quitter Left
72%
Voir Saw
72%
épeler Spelt
72%
Dépenser / passer du temps Spent
72%
Devenir Became
71%
Frapper hit
71%
Apprendre Learnt
71%
Envoyer Sent
71%
Dormir Slept
71%
Vendre Sold
71%
être (Singulier) Was
71%
(SE) Réveiller Woke
71%
Attraper caught
69%
Dessiner Drew
69%
Croire / penser Thought
69%
Venir Came
67%
Faire (Fabriquer) Made
67%
Sentir (odeur) Smelt
67%
Mordre Bit
66%
Faire Did
66%
Tomber Fell
66%
Oublier Forgot
66%
Savoir Knew
66%
Chanter Sang
66%
S'asseoir Sat
66%
Parler Spoke
66%
Nager Swam
66%
Aller Went
66%
Saigner Bled
64%
Apporter brought
64%
Boire Drank
64%
Pousser / Grandir Grew
64%
Enseigner taught
64%
être (Pluriel) Were
64%
Commencer Began
62%
Pardonner Forgave
62%
(Se) Cacher hid
62%
Porter (Un vêtement ) Wore
62%
Nourrir fed
60%
Tenir Held
60%
Se Battre / Combattre fought
59%
Fermer shut
59%
Dérober Stole
59%
Dire Said
57%
Prendre Took
57%
Sentir / ressentir felt
55%
Briller Shone
55%
Secouer Shook
55%
Montrer Showed
55%
Jurer / prêter serment Swore
55%
être Debout Stood
53%
Jeter Threw
52%
Mener Led
50%
Souffler Blew
48%
Raconter Told
48%
Sonner Rang
47%
Voler Flew
41%
être de la bonne taille fit
36%
Allumer Lit
36%
Se séparer split
34%
Eclater / Exploser burst
33%
Suspendre Hung
33%
Preter lent
33%
Balayer swept
33%
(Se) Courber Bent
31%
Sauter leapt
21%
Placer / Poser set
21%
Supporter Bore
19%
Monter (à Cheval...) Rose
19%
Tisser Wowe
19%
Fuir fled
16%
S'allonger Lay
16%
Mettre (la Table) Laid
3%
Aucun quiz correspondant
Distribution des résultats
% des personnes avec chaque résultat
Percentile par nombre de réponses
Votre historique - résultats
Vous n’avez pas pris ce quiz